| 000 | 00408nam a22001217a 4500 | ||
|---|---|---|---|
| 005 | 20260629130346.0 | ||
| 100 |
_aIkramullah Unar _a23MSIT-02 _aSupervisor - Prof.Dr. Akhtar Hussain Jalbani _91029 |
||
| 245 | _aSindhi Language Named Entity Recognition Using Bert Model (Thesis MS) | ||
| 260 |
_aNawabshah _bQUEST _c2025 |
||
| 300 | _a96p. | ||
| 700 |
_aDepartment of Information Technology _9954 |
||
| 942 | _cTHESIS | ||
| 999 |
_c69087 _d69084 |
||